00957cam a22002531 4500001001300000003000400013005001700017008004100034010002300075040003800098043001200136050002400148051002600172100004600198245014500244260004800389300005300437490006300490504002500553650002500578650003300603830005000636999001700686gs 62000193 DLC20260227111411.0770317s1962 dcuab b f00000 eng c ags 62000193 //r883 aU.S. Geol. Survey. Libr.cakdDLC an-us-ak0 aTC801b.U2 no. 1529 aTC424.A4bJ6cCopy 2.10aJohnson, F. A.q(Frederick Ashby),d1903-10aWaterpower resources near Petersburg and Juneau, southeastern Alaska;ba discussion of potential development of power on 12 Alaskan streams.0 aWashington,bU.S. Govt. Print. Off.,c1962. av, 102 p.billus., maps, diagr., tables.c24 cm.1 aUnited States. Geological Survey. Water-supply paperv1529 aBibliography: p. 99. 0aWater-powerzAlaska. 0aStream measurementszAlaska. 0aGeological Survey water-supply paper ;v1529. c29622d29622